| 000 | 02713nam1a2200373 4500 | ||
|---|---|---|---|
| 001 | RU\NLR\BIBL_A\012851141 | ||
| 005 | 20260407143846.0 | ||
| 010 |
_a9785604800409 _bобщ. |
||
| 035 | _a(NLR Aleph) 012851141 | ||
| 090 |
_a12427709 _c12427709 |
||
| 100 | _a20220720g20229999k y0rusy50 ca | ||
| 101 | 0 | _arus | |
| 102 | _aRU | ||
| 105 | _a z 11 | ||
| 181 | 0 |
_ai _baxxe |
|
| 182 | 0 | _an | |
| 200 | 1 |
_aИнвестиции, градостроительство, недвижимость как драйверы социально-экономического развития территории и повышения качества жизни населения _eматериалы XII международной научно-практической конференции, 1-4 марта 2022 г., Томск _eв 2 ч. _fФедеральное государственное бюджетное образовательное учреждение высшего образования "Томский государственный архитектурно-строительный университет" _gпод ред. Т. Ю. Овсянниковой, И. Р. Салагор |
|
| 203 |
_aТекст _bвизуальный _cнепосредственный |
||
| 210 |
_aТомск _cИзд-во ТГАСУ _d2022 |
||
| 215 | _d20 | ||
| 300 | _aНа обл.: ТГАСУ, 70 | ||
| 313 | _aПред. конф. 2021 г. | ||
| 606 | 1 |
_aСтроительная промышленность _jСъезды, совещания и т.п _xИнвестиции капитала _yРоссийская Федерация _92159228 _3RU\NLR\AUTH\661299590 |
|
| 606 |
_aСтроительное дело _jСъезды, совещания и т.п _91024046 _3RU\NLR\AUTH\6674089 |
||
| 686 | 1 | _aУ31(2)-56(2Р)я431 | |
| 686 | 1 | _aН.я431(0) | |
| 702 | 1 |
_aОвсянникова _bТ. Ю. _gТатьяна Юрьевна _4340 |
|
| 711 | 1 | 2 |
_a"Инвестиции, градостроительство, недвижимость как драйверы социально-экономического развития территории и повышения качества жизни населения", международная научно-практическая конференция _d12 _eТомск _f2022 _9804830 _3RU\NLR\AUTH\880569237 |
| 712 | 0 | 2 |
_4475 _aТомский государственный архитектурно-строительный университет _3RU\NLR\AUTH\8810016783 _9531420 |
| 852 |
_aNLR _j2022-3/19636 |
||
| 942 | _cBOOK | ||